| 000 | 01107cam a22001934a 4500 | ||
|---|---|---|---|
| 005 | 20250605164358.0 | ||
| 008 | 250528s ||||||||||||||||||||||||d | ||
| 035 | _a24456 | ||
| 040 |
_aGR-AtMCL _bgre _dGR-AtMCL _eAACR2 |
||
| 245 | 1 | _aCustomer Experience και Ποικιλία Υπηρεσιών στα Πρατήρια του Μέλλοντος / Retail Marketing Καυσίμων | |
| 260 | _c2018 | ||
| 300 | _a50 | ||
| 520 | _aΥψηλή Διάκριση για τις Βέλτιστες Πρακτικές Εξυπηρέτησης, Τα Πάντα Έχουν να Κάνουν με τη Σχετικότητα, Ανθρωποκεντρικότητα και Εμπειρία και Τεχνολογία Ορίζουν το Μέλλον των Πωλήσεων, Τι Κοινό έχουν οι ΜμΕ που Αντέχουν στην Κρίση, Κάτω του 50% των Πωλήσεων Τροφίμων μέσω Σούπερ Μάρκετ. | ||
| 700 | 1 |
_aΚορδελάς Δημήτρης _99464 |
|
| 942 | _cCR | ||
| 710 | 2 |
_aThe Marketing Week _99825 |
|
| 999 |
_c9335 _d9335 |
||